000 nam a22 7a 4500
999 _c15906
_d15906
008 161107b xxu||||| |||| 00| 0 eng d
020 _a0780807391
050 _aRC 672.C35 2005
100 _d2005
245 _aCardiovascular diseases and disorders sourcebook.
250 _a3rd ed
260 _bOminigraphics,
_c2005.
300 _axvi,713p.
942 _2lcc
_cREF_BOOK
_hRC 672.C35 2005